| 000 | 00417nam a2200181Ia 4500 | ||
|---|---|---|---|
| 008 | 170918s9999 xx 000 0 und d | ||
| 020 | _a440234743 | ||
| 050 | _bG869te 1999 | ||
| 100 | _aGrisham, John | ||
| 245 | 4 | _aThe testament / | |
| 245 | _cby John Grisham. | ||
| 260 | _aCanada : | ||
| 260 | _bIsland Books, | ||
| 260 | _c1999 | ||
| 300 | _a533 pages : | ||
| 300 | _billustrations ; | ||
| 300 | _c17cm. | ||
| 999 |
_c343395 _d343395 |
||